| 000 | 00751nam a2200217Ii 4500 | ||
|---|---|---|---|
| 003 | JO-AjNU | ||
| 008 | 230605s9999||||xx |||||||||||||| ||und|| | ||
| 017 | _a2011/11/4062 | ||
| 040 |
_aJO-AjNU _bara _erda _cJO-AjNU |
||
| 041 | _aara | ||
| 050 | 1 | 4 | _aLC3965 2013 |
| 100 | 3 |
_aاللالا، زياد كامل.....وآخرون/اللالا،صائب كامل محرر, _eauthor _944569 |
|
| 245 | 0 | 0 | _aأساسيات التربية الخاصة |
| 250 | _aط2 | ||
| 264 | 3 | 1 | _aعمان:دار المسيرة،2013 |
| 300 | _a446ص | ||
| 336 |
_atext _btxt _2rdacontent |
||
| 337 |
_aunmediated _bn _2rdamedia |
||
| 338 |
_avolume _bnc _2rdacarrier |
||
| 650 | 4 |
_aالتربية الخاصة-التعلم الخاص-صعوبات التعلم _944570 |
|
| 999 |
_aA19254 _c22822 _d22822 |
||